01689nam a2200337 a 450000100100000000500170001000800410002702000180006804000250008608200170011110000340012824500880016226000670025030000280031749000460034549000510039150000430044250400320048559000260051765000500054365000650059365000300065883000550068883000580074391000370080195201300083895201300096895201150109895201210121399900170133400002383120250908124813.0110114s2008 dr a 000 0 spa d a9789945434019 aDO-SdBNPbspacBNPHU a614.1bM827b1 aMora, Wilfredo,d1965-91270110aBreviario de medicina legal en la República Dominicana /cWilfredo Mora García. aSanto Domingo :bSociedad Dominicana de Criminología,c2008. a479 p. :bil. ;c24 cm.1 aPensamiento Criminológico Dominicanov21 aInformes de Criminología y Ciencias Forenses aIncluye notas al pie de las páginas. aBibliografía : p. 447-453 aInventariado, 2018/LP 4aMedicina legalzRepública Dominicana920403 4aMedicina legalxLegislaciónzRepública Dominicana949041 0aCiencias forenses 949042 0aPensamiento Criminológico Dominicano ;n2949043 0aInformes de Criminología y Ciencias Forenses949044 aValidado. Control de calidad MFF 001054708DSaGRbGRcHDd2011-01-14iLF1l0o614.1 M827bp23831-30r2020-06-25te. 3w2020-06-25yLFDSZPréstamo en sala 001054708DSaGRbGRcHDd2013-09-17iLF1l0o614.1 M827bp23831-40r2020-06-25te. 4w2020-06-25yLFDSZPréstamo en sala 0010718PDaPDbPDcHDd2011-01-14iLF1l0o614.1 M827bp23831-10r2020-06-25w2020-06-25yLFPDZNo se presta 0010718PDaPDbPDcHDd2011-01-14iLF1l0o614.1 M827bp23831-20r2020-06-25te. 2w2020-06-25yLFPDZNo se presta c23327d23327